000 00551cam a2200217ua 4500
001 8197
005 20260515114314.0
008 150110n ii |||gr||||Z||||||hin
020 _a8170280419
040 _cMAIN
041 _ahin
082 _a891.434
100 _aNagar, S.,
_eEditor.
245 1 _aAmritlal Nagar rachanawali :
_bVol IV /
_cEdited by Shrad Nagar .
250 _a1st.
260 _aNew Delhi:
_bRajpal,
_c1992.
300 _a508p.
653 _aEast Indo-European & Celtic literatures
653 _aHindi essays
942 _cBK
999 _c7307
_d7307